|
|
|
|
| LEADER |
02372nam a2200625 i 4500 |
| 001 |
nkc20203275459 |
| 003 |
CZ PrNK |
| 005 |
20250910105129.0 |
| 007 |
ta |
| 008 |
201209s2013 xr ab e f 000 0 ger |
| 020 |
|
|
|a 978-80-7339-206-2
|q (brožováno)
|
| 040 |
|
|
|a BOA001
|b cze
|d ABA001
|e rda
|
| 041 |
1 |
|
|a ger
|h cze
|
| 043 |
|
|
|a e-xr---
|b e-xr-jc
|2 czenas
|
| 072 |
|
7 |
|a 913(437)
|x Geografie Česka a Slovenska, reálie, cestování
|2 Konspekt
|9 7
|
| 080 |
|
|
|a 913:338.483.1
|2 MRF
|
| 080 |
|
|
|a 72:904
|2 MRF
|
| 080 |
|
|
|a 913(437.319)
|2 MRF
|
| 080 |
|
|
|a (437.319)
|2 MRF
|
| 080 |
|
|
|a (036)913
|2 MRF
|
| 100 |
1 |
|
|a Eliášek, Jan,
|d 1971-
|7 xx0137002
|4 aut
|
| 245 |
1 |
0 |
|a Písek :
|b Protivín, Talsperre Orlík /
|c Text: Jan Eliášek ; Übersetzung: Skřivánek s.r.o.
|
| 246 |
3 |
0 |
|a Protivín, Talsperre Orlík
|
| 250 |
|
|
|a Ausgabe 1.
|
| 264 |
|
1 |
|a Český Krumlov :
|b MCU,
|c 2013
|
| 300 |
|
|
|a 83 stran :
|b ilustrace (převážně barevné), mapy ;
|c 22 cm
|
| 336 |
|
|
|a text
|b txt
|2 rdacontent
|
| 336 |
|
|
|a statický obraz
|b sti
|2 rdacontent
|
| 337 |
|
|
|a bez média
|b n
|2 rdamedia
|
| 338 |
|
|
|a svazek
|b nc
|2 rdacarrier
|
| 490 |
1 |
|
|a Das Beste vom Besten ;
|v 13
|
| 490 |
1 |
|
|a VisitBohemia guide
|
| 500 |
|
|
|a Přeloženo z češtiny
|
| 500 |
|
|
|a Název z obálky
|
| 500 |
|
|
|a Obsahuje QR kódy s přístupem k rozšiřujícím materiálům
|
| 546 |
|
|
|a Německý text
|
| 588 |
|
|
|a Popsáno podle dotisku z roku 2019
|5 CZ-PrNK
|
| 650 |
0 |
7 |
|a turistické zajímavosti
|7 ph126800
|z Česko
|2 czenas
|
| 650 |
0 |
7 |
|a architektonické památky
|7 ph118585
|z Česko
|2 czenas
|
| 650 |
0 |
9 |
|a tourist sights
|z Czechia
|2 eczenas
|
| 650 |
0 |
9 |
|a architectural monuments
|z Czechia
|2 eczenas
|
| 651 |
|
7 |
|a Písek (Česko)
|7 ge130565
|x reálie
|2 czenas
|
| 651 |
|
7 |
|a Písek (Česko : oblast)
|7 ge128560
|x reálie
|2 czenas
|
| 651 |
|
9 |
|a Písek (Czechia)
|x description and travel
|2 eczenas
|
| 651 |
|
9 |
|a Písek Region (Czechia)
|x description and travel
|2 eczenas
|
| 655 |
|
7 |
|a turistické průvodce
|7 fd133738
|2 czenas
|
| 655 |
|
9 |
|a tourist guidebooks
|2 eczenas
|
| 710 |
2 |
|
|a Skřivánek (firma)
|7 xx0028031
|4 trl
|
| 830 |
|
0 |
|a Beste vom Besten
|0 s
|
| 830 |
|
0 |
|a VisitBohemia guide
|0 s
|
| 910 |
2 |
|
|a BOA001
|b 2-1458.666
|
| 990 |
|
|
|a BK
|
| 995 |
|
|
|a 11
|
| 991 |
|
|
|b 202102
|c NOV
|
| 996 |
6 |
|
|b 2610848189
|c 2-1458.666
|l MZK
|r Sklad / do 1 hodiny
|n 0
|p p.v.
|w 001837697
|u 000010
|a 1
|e BOA001
|j MZK50
|s P
|